Valuación de bonos (Registro nro. 1274)

Detalles MARC
000 -LEADER
fixed length control field 01249 a2200241 4500
001 - CONTROL NUMBER
control field 25030
005 - DATE AND TIME OF LATEST TRANSACTION
control field 20260407155534.0
008 - FIXED-LENGTH DATA ELEMENTS--GENERAL INFORMATION
fixed length control field 260407a2002 arg spa d
003 - CONTROL NUMBER IDENTIFIER
control field AR-UNSa-BCEJYS
040 ## - CATALOGING SOURCE
Original cataloging agency AR-UNSa-BCEJYS
Language of cataloging spa
Transcribing agency AR-UNSa-BCEJYS
080 ## - UNIVERSAL DECIMAL CLASSIFICATION NUMBER
Universal Decimal Classification number 336.763.3
Common auxiliary subdivision Obligaciones. Bonos
020 ## - INTERNATIONAL STANDARD BOOK NUMBER
International Standard Book Number 950-811-088-0
041 ## - LANGUAGE CODE
Language code of text/sound track or separate title spa
100 1# - MAIN ENTRY--PERSONAL NAME
Personal name Tapia, Gustavo
245 10 - TITLE STATEMENT
Title Valuación de bonos
Name of part/section of a work en el mercado de capitales
264 #1 - PRODUCTION, PUBLICATION, DISTRIBUTION, MANUFACTURE, AND COPYRIGHT NOTICE
Place of production, publication, distribution, manufacture Buenos Aires :
Name of producer, publisher, distributor, manufacturer Ediciones Nueva Técnica
Date of production, publication, distribution, manufacture, or copyright notice 2002
300 ## - PHYSICAL DESCRIPTION
Extent viii, 109 p.
Dimensions 28 cm.
505 ## - FORMATTED CONTENTS NOTE
Formatted contents note Parte I : Marco y generalidades – Parte II : Valuación de un bono – Parte III : Volatilidad. Bono perpetuo. Duration – Parte IV : Tipos de duration. Convexidad – Parte V : Participaciones de la duration – Parte VI : Conceptos de creadores de mercado instrumentación financiera – Parte VII : Calificadores de riesgo. Mediciones – Parte VIII : Administración de riesgo. Conceptos derivados. Modelo var – Parte IX : Valuación contable de bonos y algunas cuestiones financieras.
590 ## - LOCAL NOTE (RLIN)
Local note niveau_biblio:m niveau_hierar:0
700 1# - ADDED ENTRY--PERSONAL NAME
Personal name Ariganello, Claudio
856 41 - ELECTRONIC LOCATION AND ACCESS
Uniform Resource Identifier <a href="https://www.biblioeco.unsa.edu.ar/pmb/images/libros/L87144.jpg">https://www.biblioeco.unsa.edu.ar/pmb/images/libros/L87144.jpg</a>
Link text Imagen de portada
Electronic format type image/jpeg
942 ## - ADDED ENTRY ELEMENTS (KOHA)
Koha item type
Existencias
Withdrawn status Lost status Damaged status Not for loan Home library Current library Shelving location Date acquired Total checkouts Full call number Barcode Date last seen Price effective from Koha item type
        Biblioteca Prof. Eusebio Cleto del Rey Biblioteca Prof. Eusebio Cleto del Rey   07/04/2026   336.763.3 T172 L87144 07/04/2026 07/04/2026 Libro
        Biblioteca Prof. Eusebio Cleto del Rey Biblioteca Prof. Eusebio Cleto del Rey   07/04/2026   336.763.3 T172 L87145 07/04/2026 07/04/2026 Libro